Fr. Conceicao Rodrigues College of Engineering

Tables for the automotive trade (Record no. 19976)

MARC details
000 -LEADER
fixed length control field 00321nam a2200145Ia 4500
100 ## - MAIN ENTRY--PERSONAL NAME
Personal name Hamm/G/ Burk/G
245 ## - TITLE STATEMENT
Title Tables for the automotive trade
260 ## - PUBLICATION, DISTRIBUTION, ETC.
Name of publisher, distributor, etc. Wiley Eastern Limited.
Date of publication, distribution, etc. 1992
300 ## - PHYSICAL DESCRIPTION
Extent 228
546 ## - LANGUAGE NOTE
Language note ENGLISH
650 ## - SUBJECT ADDED ENTRY--TOPICAL TERM
Topical term or geographic name entry element Carpentery
654 ## - SUBJECT ADDED ENTRY--FACETED TOPICAL TERMS
Focus term automotive trade
942 ## - ADDED ENTRY ELEMENTS (KOHA)
Koha item type BOOK
Holdings
Withdrawn status Lost status Damaged status Not for loan Collection Home library Current library Shelving location Date acquired Total Checkouts Full call number Barcode Date last seen Price effective from Koha item type
        ITI Fr. Agnel's C.Rodrigues College of Engineering Fr. Agnel's C.Rodrigues College of Engineering   17/03/2023   ITI373 17/03/2023 17/03/2023 BOOK